00418nam a2200157Ia 4500003000400000005001700004008004100021040001600062082001800078100002100096245006300117260004000180300000900220650001200229650001900241GCL20240530100825.0140319s9999 xx 000 0 eng d aGCL / cGCL04a748.5028bK S1 aKOPPEL, NIKOLAUS10aSTAINED GLASS : PROJECTS FOR THE HOME / cKOPPEL, NIKOLAUS a[S.N] : bBLANDFORD PRESS ، c1991 a80 P04aDRAWING04aSTAINED, GLASS